[Event "1. liga V 24/25, Orlova-BSS"]
[Site ""]
[Date "2025.02.16"]
[Round "8.1"]
[White "Sramek, Vojtech"]
[Black "Gnojek, Petr"]
[Result "0-1"]
[WhiteFideId "358681"]
[BlackFideId "371807"]
[WhiteElo "2233"]
[BlackElo "2430"]
[PlyCount "0"]
[WhiteTeam "SK Slavia Orlova"]
[BlackTeam "BSS Frydek-Mistek B"]
[EventDate "2024.10.20"]

1. e4 d6 2. d4 Nf6 3. Nc3 g6 4. Nf3 Bg7 5. Be2 O-O 6. O-O Nc6 7. d5 Nb4 8. Re1
a5 9. h3 c6 10. a3 Na6 11. Bf4 Nh5 12. Be3 Bd7 13. Nd4 Nf6 14. Bf1 Nc5 15. Bg5
h6 16. Bh4 Qb6 17. Rb1 Rfe8 18. Nf3 a4 19. Bc4 e6 20. dxc6 Bxc6 21. Bxf6 Bxf6
22. Qxd6 Bxc3 23. bxc3 Nxe4 24. Qd4 Qxd4 25. cxd4 Nc3 26. Rb4 b5 27. Ne5 Bd5
28. Re3 bxc4 29. Rxc3 Reb8 30. Rxb8+ Rxb8 31. f3 Kg7 32. Kf2 f6 33. Nd7 Rb3 34.
Re3 c3 35. Nc5 Rxa3 36. Ne4 Bxe4 37. fxe4 Rb3 38. d5 Kf7 39. Rd3 a3 40. d6 Ke8
41. cxb3 c2 42. Rc3 a2 0-1

[Event "1. liga V 24/25, Orlova-BSS"]
[Site ""]
[Date "2025.02.16"]
[Round "8.2"]
[White "Mica, Marek"]
[Black "Kostka, Vit"]
[Result "1-0"]
[WhiteFideId "382884"]
[BlackFideId "349232"]
[WhiteElo "2349"]
[BlackElo "2210"]
[PlyCount "0"]
[WhiteTeam "BSS Frydek-Mistek B"]
[BlackTeam "SK Slavia Orlova"]
[EventDate "2024.10.20"]

1. Nf3 Nf6 2. g3 e6 3. Bg2 d5 4. O-O Be7 5. c4 O-O 6. b3 d4 7. e3 c5 8. exd4
cxd4 9. d3 Nc6 10. Re1 Ne8 11. a3 a5 12. Ne5 Nxe5 13. Rxe5 f6 14. Re1 e5 15. f4
exf4 16. Bxf4 Nc7 17. Nd2 g5 18. Qe2 Re8 19. Bxc7 Qxc7 20. Qh5 Rf8 21. Bd5+ Kh8
22. Re2 Bd6 23. Ne4 Be5 24. Rf1 Bd7 25. Ref2 Be8 26. Qe2 Qg7 27. Nc5 Bd7 28.
Bxb7 Rab8 29. Bd5 Qe7 30. Nxd7 Qxd7 31. Qxe5 1-0

[Event "1. liga V 24/25, Orlova-BSS"]
[Site ""]
[Date "2025.02.16"]
[Round "8.3"]
[White "Lojek, Marek"]
[Black "Rabatin, Jakub"]
[Result "0-1"]
[WhiteFideId "358649"]
[BlackFideId "329517"]
[WhiteElo "2119"]
[BlackElo "2293"]
[PlyCount "0"]
[WhiteTeam "SK Slavia Orlova"]
[BlackTeam "BSS Frydek-Mistek B"]
[EventDate "2024.10.20"]

1. e4 c5 2. Nf3 d6 3. Bb5+ Nd7 4. a4 Ngf6 5. Nc3 a6 6. Bc4 e6 7. d3 Be7 8. O-O
b6 9. Bf4 Bb7 10. e5 dxe5 11. Nxe5 Nxe5 12. Bxe5 O-O 13. d4 Qc8 14. Bd3 Qc6 15.
f3 Rfd8 16. dxc5 Qxc5+ 0-1

[Event "1. liga V 24/25, Orlova-BSS"]
[Site ""]
[Date "2025.02.16"]
[Round "8.4"]
[White "Nytra, Ondrej"]
[Black "Walica, Roman"]
[Result "1-0"]
[WhiteFideId "371955"]
[BlackFideId "358690"]
[WhiteElo "2239"]
[BlackElo "2090"]
[PlyCount "0"]
[WhiteTeam "BSS Frydek-Mistek B"]
[BlackTeam "SK Slavia Orlova"]
[EventDate "2024.10.20"]

1. e4 e5 2. Nf3 Nc6 3. Bb5 a6 4. Ba4 Nf6 5. O-O Be7 6. Re1 b5 7. Bb3 d6 8. c3
O-O 9. d4 Bg4 10. Be3 Bh5 11. Nbd2 Na5 12. Bc2 c5 13. d5 Bg6 14. h3 Rb8 15. b4
cxb4 16. cxb4 Nb7 17. Nh4 Bxe4 18. Nxe4 Nxe4 19. Nf5 Nf6 20. a4 Qd7 21. axb5
axb5 22. Bg5 Bd8 23. Qf3 g6 24. Ra6 e4 25. Nh6+ Kg7 26. Qc3 Re8 27. Rxe4 Rxe4
28. Bxe4 Qe7 29. Ng4 Qxe4 30. Bxf6+ Kf8 31. Bxd8 Rxd8 32. Ra1 Re8 33. Qh8+ Ke7
1-0

[Event "1. liga V 24/25, Orlova-BSS"]
[Site ""]
[Date "2025.02.16"]
[Round "8.5"]
[White "Horvath, Tomas"]
[Black "Holeksa, Zdenek"]
[Result "0-1"]
[WhiteFideId "358630"]
[BlackFideId "316261"]
[WhiteElo "2053"]
[BlackElo "2250"]
[PlyCount "0"]
[WhiteTeam "SK Slavia Orlova"]
[BlackTeam "BSS Frydek-Mistek B"]
[EventDate "2024.10.20"]

1. e4 c5 2. Nf3 d6 3. Nc3 Nf6 4. e5 dxe5 5. Nxe5 e6 6. Bb5+ Nbd7 7. Qe2 Bd6 8.
d3 O-O 9. Bxd7 Nxd7 10. Bf4 Nxe5 11. Bxe5 Be7 12. O-O f6 13. Bg3 Bd7 14. a4 Rc8
15. Rfe1 Re8 16. Qd2 Bf8 17. h3 a6 18. a5 Bc6 19. Na4 e5 20. Nb6 Rc7 21. Rad1
Rce7 22. c3 Re6 23. Qc2 Kh8 24. Qb3 Rd6 25. Qc4 Bb5 26. Qe4 Qe7 27. f4 exf4 28.
Qxf4 Qf7 29. Rxe8 Qxe8 30. Nc4 Re6 31. Rd2 Qh5 32. Kh2 Qd5 33. Ne3 Qd8 34. d4
cxd4 35. Rxd4 Qxa5 36. Nf5 Bc6 37. Rd2 Re4 38. Qb8 Re8 39. Qf4 Qe5 40. Nd4 Qxf4
41. Bxf4 Be4 42. Nb3 g5 43. Bd6 Kg7 44. Bxf8+ Kxf8 45. Nc5 Bc6 46. Kg3 Kf7 47.
Kf2 h5 48. Rd6 Re5 49. b4 Ke7 50. Rd4 h4 51. Nb3 Re4 52. Rd2 Rc4 53. Rd3 Rf4+
54. Kg1 Bb5 55. Re3+ Kf7 56. Nc5 Rf1+ 57. Kh2 Bc6 58. Ne6 Rd1 59. Nd4 Bd5 60.
Nf3 b6 61. Ne1 a5 62. Re2 a4 63. Nc2 Rd3 64. Ne3 Bb3 65. c4 a3 66. Nd5 Rxd5 67.
cxd5 a2 68. Re1 Bxd5 69. Rc1 Ke6 70. Rg1 Be4 71. Ra1 Bb1 0-1

[Event "1. liga V 24/25, Orlova-BSS"]
[Site ""]
[Date "2025.02.16"]
[Round "8.6"]
[White "Weissmann, Lukas"]
[Black "Kubos, Rostislav"]
[Result "1/2-1/2"]
[WhiteFideId "315087"]
[BlackFideId "316938"]
[WhiteElo "2097"]
[BlackElo "2066"]
[PlyCount "0"]
[WhiteTeam "BSS Frydek-Mistek B"]
[BlackTeam "SK Slavia Orlova"]
[EventDate "2024.10.20"]

1. c4 g6 2. Nf3 Bg7 3. g3 Nf6 4. Bg2 O-O 5. Nc3 d6 6. O-O Nc6 7. d3 e5 8. Rb1
a5 9. a3 h6 10. b4 axb4 11. axb4 Be6 12. b5 Ne7 13. e4 Nd7 14. Nd2 Nc5 15. Nb3
Nxb3 16. Qxb3 Kh7 17. Nd5 c6 18. Nxe7 Qxe7 19. Be3 c5 20. Ra1 1/2-1/2

[Event "1. liga V 24/25, Orlova-BSS"]
[Site ""]
[Date "2025.02.16"]
[Round "8.7"]
[White "Sieber, Martin"]
[Black "Trojan, Matyas"]
[Result "1/2-1/2"]
[WhiteFideId "327590"]
[BlackFideId "23710764"]
[WhiteElo "2066"]
[BlackElo "2108"]
[PlyCount "0"]
[WhiteTeam "SK Slavia Orlova"]
[BlackTeam "BSS Frydek-Mistek B"]
[EventDate "2024.10.20"]

1. b4 d5 2. Bb2 Nf6 3. Nf3 Bf5 4. e3 e6 5. b5 Be7 6. Be2 a6 7. a4 axb5 8. axb5
Rxa1 9. Bxa1 c5 10. c4 Nbd7 11. O-O O-O 12. d4 dxc4 13. Bxc4 Nb6 14. Bd3 Bxd3
15. Qxd3 c4 16. Qc2 Nfd5 17. Nc3 Qa8 18. e4 Nxc3 19. Bxc3 Qa4 20. Qxa4 Nxa4 21.
Rc1 Rc8 22. Kf1 Ba3 23. Rc2 Nxc3 24. Rxc3 Bb2 25. Rc2 c3 26. Ke2 Rc4 27. Kd3
Rb4 28. Ng1 Kf8 29. Ne2 Rxb5 30. Nxc3 Rb3 31. Kc4 Rxc3+ 32. Rxc3 Bxc3 33. Kxc3
Ke7 34. Kc4 Kd6 35. Kb5 Kc7 36. Kc5 b6+ 37. Kb5 h5 38. h4 g6 39. g3 Kb7 40. Kb4
Kc6 41. Kc4 f6 42. Kb4 Kb7 43. Kb5 Kc7 44. Kc4 Kc6 1/2-1/2

[Event "1. liga V 24/25, Orlova-BSS"]
[Site ""]
[Date "2025.02.16"]
[Round "8.8"]
[White "Vanicek, Michal"]
[Black "Novak, Jiri"]
[Result "1/2-1/2"]
[WhiteFideId "338850"]
[BlackFideId "312088"]
[WhiteElo "1870"]
[BlackElo "1823"]
[PlyCount "0"]
[WhiteTeam "BSS Frydek-Mistek B"]
[BlackTeam "SK Slavia Orlova"]
[EventDate "2024.10.20"]

1. e4 e5 2. Nf3 Nc6 3. Bb5 a6 4. Ba4 Nf6 5. O-O Be7 6. h3 b5 7. Bb3 O-O 8. c3
d6 9. Re1 Na5 10. Bc2 c5 11. d4 Qc7 12. Nbd2 cxd4 13. cxd4 Bb7 14. Nf1 Rac8 15.
Bd3 Nc6 16. Be3 Nb4 17. Rc1 Qb8 18. Bb1 Nxe4 19. Qb3 a5 20. a3 Bd5 21. Qd1 Na2
22. Rxc8 Rxc8 23. dxe5 Qb7 24. Bf4 dxe5 25. Bxe5 Rc1 26. Qd3 Rxe1 27. Nxe1 Nc1
28. Qc2 Qc6 29. Ne3 Qxc2 30. Bxc2 b4 1/2-1/2

[Event "1. liga V 24/25, Grygov-Dobra"]
[Site ""]
[Date "2025.02.16"]
[Round "8.1"]
[White "Biolek, Richard"]
[Black "Hrbek, Stepan"]
[Result "0-1"]
[WhiteFideId "319996"]
[BlackFideId "393479"]
[WhiteElo "2417"]
[BlackElo "2410"]
[PlyCount "0"]
[WhiteTeam "A64 PROCLIENT Grygov"]
[BlackTeam "Sokol Dobra"]
[EventDate "2024.10.20"]

1. Nf3 c5 2. g3 Nc6 3. Bg2 g6 4. c4 Bg7 5. Nc3 e6 6. O-O Nge7 7. d3 d5
8. cxd5 exd5 9. Bf4 O-O 10. Qd2 Be6 11. Bh6 d4 12. Bxg7 Kxg7 13. Ne4 b6 14.
Neg5 Bd5 15. e4 dxe3 16. fxe3 f6 17. Nh3 Qd6 18. Nf4 Bf7 19. Qc3 Rad8 20. Ng5
Bg8 21. Bxc6 Nxc6 22. Ne4 Qe5 23. a3 Qxc3 24. bxc3 Rfe8 25. Ng2 f5 26. Nf2 Ne5
27. Ne1 Bd5 28. h3 Nf7 29. c4 Bc6 30. Nd1 Ne5 31. Nb2 Rd6 32. a4 a5 33. Rc1 Bb7
34. Rf2 Nc6 35. Re2 Nd4 36. Kf2 Nxe2 37. Kxe2 Bc6 38. Ra1 g5 39. Nd1 Rde6 40.
Nf3 Bxf3+ 41. Kxf3 g4+ 42. hxg4 fxg4+ 43. Kxg4 Rf8 44. Ra2 Rf1 45. Nf2 Rxe3 46.
Rb2 Re6 47. Ne4 Rg6+ 48. Kh3 Ra1 49. Nc3 Ra3 50. Rc2 Rb3 51. Kg2 Rd6 52. Nd5
Rxd3 53. Re2 Rg6 54. Re7+ Kf8 55. Rxh7 Rgxg3+ 56. Kf2 Rdf3+ 57. Ke2 Rb3 58. Nf4
Rb2+ 59. Kf1 Rf3+ 0-1

[Event "1. liga V 24/25, Grygov-Dobra"]
[Site ""]
[Date "2025.02.16"]
[Round "8.2"]
[White "Berezjuk, Sergej"]
[Black "Biolek, Richard"]
[Result "1/2-1/2"]
[WhiteFideId "312614"]
[BlackFideId "300756"]
[WhiteElo "2352"]
[BlackElo "2338"]
[PlyCount "0"]
[WhiteTeam "Sokol Dobra"]
[BlackTeam "A64 PROCLIENT Grygov"]
[EventDate "2024.10.20"]

1. e4 e5 2. Nf3 Nc6 3. Nc3 Nf6 4. Bb5 Bb4 5. O-O O-O 6. Bxc6 dxc6
7. d3 Bd6 8. Ne2 c5 9. Ng3 Be6 10. h3 Qd7 11. b3 Ne8 12. Ng5 g6 13. Nxe6 fxe6
1/2-1/2

[Event "1. liga V 24/25, Grygov-Dobra"]
[Site ""]
[Date "2025.02.16"]
[Round "8.3"]
[White "Sluka, Radek"]
[Black "Kula, Dominik"]
[Result "1/2-1/2"]
[WhiteFideId "305456"]
[BlackFideId "344338"]
[WhiteElo "2315"]
[BlackElo "2178"]
[PlyCount "0"]
[WhiteTeam "A64 PROCLIENT Grygov"]
[BlackTeam "Sokol Dobra"]
[EventDate "2024.10.20"]

1. e4 c5 2. Nf3 d6 3. d4 cxd4 4. Nxd4
Nf6 5. Nc3 a6 6. h3 e5 7. Nde2 h5 8. g3 Be7 9. Bg2 b5 10. O-O O-O 11. a4 b4 12.
Nd5 Nxd5 13. Qxd5 Ra7 14. Be3 Rb7 15. f4 Nd7 16. Kh2 Qc7 17. Qd2 Nf6 18. b3 Qc6
19. Rac1 Nxe4 20. Qd3 f5 21. c3 Be6 22. cxb4 Qd5 23. Qxa6 Rxb4 24. fxe5 Qxb3
25. Qa7 Rb7 26. Qd4 dxe5 27. Qxe5 Bf6 28. Qf4 Bg5 29. Qe5 Bxe3 30. Bxe4 Bxc1
31. Bxb7 Bb2 32. Qb5 Qc2 33. Kh1 Rb8 34. Nf4 Bf7 35. a5 h4 36. gxh4 Bc1 37. a6
Be3 38. Ng2 Bc5 39. Qd7 g6 40. Bd5 Bxd5 41. Qxd5+ Kh7 42. h5 Kh6 43. Qf7 Rb6
44. Qc7 Rb3 45. Qh2 Qd3 46. Re1 Qxh3 47. hxg6 Kg7 48. Nh4 Kf6 49. g7 Kxg7 50.
a7 Bxa7 51. Qxh3 Rxh3+ 52. Kg2 Rxh4 53. Re7+ Kf6 54. Rxa7 Kg5 55. Ra5 Rb4 56.
Ra8 Kg4 57. Rg8+ Kf4 58. Ra8 Rb2+ 59. Kf1 Kg4 60. Kg1 Kf3 61. Ra3+ Ke2 62. Kg2
f4 63. Rf3 Rb4 64. Ra3 Rd4 65. Rf3 Re4 66. Rf2+ Ke3 67. Rf3+ Kd4 68. Kf2 Ke5
69. Ra3 Rb4 70. Kf3 1/2-1/2

[Event "1. liga V 24/25, Grygov-Dobra"]
[Site ""]
[Date "2025.02.16"]
[Round "8.4"]
[White "Kratochvil, Josef"]
[Black "Zurek, Milan"]
[Result "0-1"]
[WhiteFideId "328626"]
[BlackFideId "300241"]
[WhiteElo "2230"]
[BlackElo "2313"]
[PlyCount "0"]
[WhiteTeam "Sokol Dobra"]
[BlackTeam "A64 PROCLIENT Grygov"]
[EventDate "2024.10.20"]

1. e4 d5 2. exd5 Nf6 3. Bb5+ Bd7 4. Be2 Nxd5 5. d4 Nb6 6. c4
e5 7. dxe5 Nc6 8. Bf4 Qe7 9. Nf3 O-O-O 10. Nbd2 h6 11. h4 f6 12. exf6 Qxf6 13.
Be3 Bf5 14. Qb3 Nb4 15. Rc1 c5 16. O-O Bd6 17. a3 Nc6 18. Qb5 Nd7 19. b4 a6 20.
Qa4 g5 21. b5 Nb6 22. Qd1 g4 23. bxc6 gxf3 24. cxb7+ Kb8 25. Nxf3 Rhg8 26. Qb3
Be4 27. Ng5 hxg5 28. hxg5 Rxg5 29. Bxg5 Qxg5 30. f3 Rg8 31. g4 Qf4 32. Kf2 Qg3+
33. Ke3 Qf4+ 34. Kf2 Qg3+ 35. Ke3 Bf4+ 36. Kxe4 Re8+ 37. Kd3 Re3+ 38. Kc2 Rxb3
39. Kxb3 Bxc1 0-1

[Event "1. liga V 24/25, Grygov-Dobra"]
[Site ""]
[Date "2025.02.16"]
[Round "8.5"]
[White "Obsivac, Josef"]
[Black "Slanina, Miroslav"]
[Result "1-0"]
[WhiteFideId "303690"]
[BlackFideId "304867"]
[WhiteElo "2262"]
[BlackElo "2150"]
[PlyCount "0"]
[WhiteTeam "A64 PROCLIENT Grygov"]
[BlackTeam "Sokol Dobra"]
[EventDate "2024.10.20"]

1. d4 d5 2. Nf3
Nf6 3. c4 c6 4. Qb3 dxc4 5. Qxc4 Bf5 6. g3 e6 7. Bg2 Be7 8. O-O O-O 9. e3 Nbd7
10. Rd1 Ne4 11. Nfd2 Nxd2 12. Nxd2 Nf6 13. b3 Qb6 14. Bb2 Rfd8 15. Qe2 a5 16.
Nc4 Qb5 17. e4 Bg6 18. a4 Qxb3 19. f3 b5 20. Ne5 bxa4 21. Nxc6 Re8 22. Nxe7+
Rxe7 23. Ra3 Qb6 24. Rxa4 Rb7 25. Rd2 Qb3 26. Ra3 Qb4 27. Rc2 a4 28. Qd2 Qxd2
29. Rxd2 h6 30. Bf1 Ne8 31. Bc3 Nc7 32. Rb2 Rba7 33. Rb6 f6 34. Bb4 Be8 35. Bc4
Bf7 36. Bd6 Ne8 37. Bc5 Nc7 38. Rb4 Na6 39. Rbxa4 Nxc5 40. Rxa7 Rxa7 41. Rxa7
1-0

[Event "1. liga V 24/25, Grygov-Dobra"]
[Site ""]
[Date "2025.02.16"]
[Round "8.6"]
[White "Filip, Tomas"]
[Black "Bokhnak, Timofey"]
[Result "0-1"]
[WhiteFideId "358037"]
[BlackFideId "14172976"]
[WhiteElo "1999"]
[BlackElo "2296"]
[PlyCount "0"]
[WhiteTeam "Sokol Dobra"]
[BlackTeam "A64 PROCLIENT Grygov"]
[EventDate "2024.10.20"]

1. e4 c5 2. Nf3
e6 3. b3 d5 4. exd5 exd5 5. Bb2 Nc6 6. Bb5 Nf6 7. Ne5 Qc7 8. O-O Bd6 9. Re1 O-O
10. Bxc6 bxc6 11. d4 cxd4 12. Qxd4 c5 13. Qh4 Re8 14. Nf3 Rxe1+ 15. Nxe1 Be5
16. Bc3 d4 17. Bd2 Bb7 18. Nd3 Bd6 19. Na3 Qc6 20. f3 Ba6 21. Nb2 Nd5 22. Nac4
Be7 23. Qe4 Bf6 24. Re1 Rc8 25. Bf4 h6 26. a3 Qd7 27. Bd2 Bb7 28. Qe2 Bh4 29.
g3 Bf6 30. Nd3 Nb6 31. Nce5 Qd5 32. Qe4 Qxe4 33. fxe4 Bxe5 34. Nxe5 Re8 35. Nd3
Nd7 36. c3 Rxe4 37. Rxe4 Bxe4 38. Nf2 f5 39. cxd4 cxd4 40. Kf1 Bc2 41. b4 Ne5
42. Bc1 d3 43. h4 Kf7 44. Be3 a6 45. Bd4 Ke6 46. Bc3 g5 47. hxg5 hxg5 48. Bd2
Nf3 49. Be3 g4 50. Bh6 Kd5 51. Bg7 Kc4 52. Bf6 Kb3 53. Be7 Kc3 54. Bf6+ Nd4 55.
Bg7 Kc4 56. Ke1 Nf3+ 57. Kf1 Nd2+ 58. Ke1 Nb1 59. Bb2 Kb3 0-1

[Event "1. liga V 24/25, Grygov-Dobra"]
[Site ""]
[Date "2025.02.16"]
[Round "8.7"]
[White "Zvolanek, Libor"]
[Black "Havelka, Ondrej"]
[Result "1-0"]
[WhiteFideId "303496"]
[BlackFideId "349526"]
[WhiteElo "2135"]
[BlackElo "2188"]
[PlyCount "0"]
[WhiteTeam "A64 PROCLIENT Grygov"]
[BlackTeam "Sokol Dobra"]
[EventDate "2024.10.20"]

1. e4 e6 2. d3 d5 3. Nd2 Nf6 4. Ngf3 c5 5. g3 Nc6 6. Bg2 Be7 7.
O-O b6 8. Re1 Bb7 9. exd5 exd5 10. d4 O-O 11. Nf1 Re8 12. c3 a5 13. Ne3 Ne4 14.
Nf5 Bf6 15. dxc5 bxc5 16. Nd2 Ne5 17. Nxe4 dxe4 18. Nd6 Nd3 19. Nxb7 Qc7 20.
Rxe4 c4 21. Qe2 Qd7 22. Nd6 Red8 23. Nxc4 Nc5 24. Be3 Nxe4 25. Bxe4 Rab8 26.
Nxa5 Qe6 27. Nc6 Qxe4 28. Nxb8 Rxb8 29. Rd1 Qa4 30. b3 Qc6 31. Bd4 Bxd4 32.
cxd4 Rd8 33. d5 1-0

[Event "1. liga V 24/25, Grygov-Dobra"]
[Site ""]
[Date "2025.02.16"]
[Round "8.8"]
[White "Keprt, Pavel"]
[Black "Bares, Jachym"]
[Result "1/2-1/2"]
[WhiteFideId "306533"]
[BlackFideId "345075"]
[WhiteElo "1984"]
[BlackElo "2056"]
[PlyCount "0"]
[WhiteTeam "Sokol Dobra"]
[BlackTeam "A64 PROCLIENT Grygov"]
[EventDate "2024.10.20"]

1. e4 e5 2. Bc4 Nf6 3.
d3 Nc6 4. Nf3 Bc5 5. c3 d6 6. O-O a6 7. Re1 Ba7 8. Be3 O-O 9. Bxa7 Rxa7 10. h3
Na5 11. Nbd2 Nxc4 12. Nxc4 b5 13. Ncd2 c5 14. c4 Qe8 15. Nf1 Nh5 16. Ng3 Nxg3
17. fxg3 f5 18. exf5 Bxf5 19. g4 Be6 20. Qe2 Qg6 21. b3 Re7 22. Rac1 Bd7 23.
Qe3 Ref7 24. Rf1 h5 25. g5 Bxh3 26. Nxe5 Rxf1+ 27. Rxf1 Rxf1+ 28. Kxf1 Bxg2+
29. Kxg2 dxe5 30. Qxe5 Qc6+ 31. Kg3 b4 32. d4 cxd4 33. Qxd4 1/2-1/2

[Event "1. liga V 24/25, Hostalkova-Jundrov"]
[Site ""]
[Date "2025.02.16"]
[Round "8.1"]
[White "Warakomski, Tomasz"]
[Black "Zwardon, Vojtech"]
[Result "0-1"]
[WhiteFideId "1124552"]
[BlackFideId "325511"]
[WhiteElo "2543"]
[BlackElo "2429"]
[PlyCount "0"]
[WhiteTeam "Sachy Hostalkova"]
[BlackTeam "Jezdci Jundrov"]
[EventDate "2024.10.20"]

1. e4 c5 2. Nf3 Nc6 3. Bb5 g6 4. Bxc6 dxc6 5. d3 Bg7 6. h3 Nf6 7. Nc3 O-O 8.
Be3 b6 9. Qd2 e5 10. a4 a5 11. Bh6 Qd6 12. Bxg7 Kxg7 13. b3 Ra7 14. Ne2 Re7
15. Qc3 Kg8 16. Nd2 Nh5 17. Nc4 Qc7 18. g4 Nf4 19. Nxf4 exf4 20. g5 Ba6 21. h4
Bxc4 22. bxc4 f3 23. Rb1 Re6 24. Qd2 f6 25. gxf6 Rexf6 26. Qg5 Kg7 27. Rh3 Rf4
28. Kd2 h6 29. Qg3 R8f6 30. Qh2 Qd8 31. Re1 Rf8 32. Re3 b5 33. cxb5 cxb5 34.
Qg1 b4 35. Rg3 Qf6 36. e5 Qe6 37. h5 g5 38. Kc1 b3 39. cxb3 c4 40. dxc4 Rxc4+
41. Kb2 Rd4 42. Qe1 Rfd8 43. Qxa5 Rd2+ 44. Ka3 Qe7+ 45. b4 Qf7 46. Rb3 R2d3
47. e6 Rxb3+ 48. Kxb3 Qxe6+ 49. Ka3 Rd3+ 0-1

[Event "1. liga V 24/25, Hostalkova-Jundrov"]
[Site ""]
[Date "2025.02.16"]
[Round "8.2"]
[White "Fiala, Vaclav"]
[Black "Slovak, Kilian"]
[Result "0-1"]
[WhiteFideId "331503"]
[BlackFideId "365440"]
[WhiteElo "2208"]
[BlackElo "2314"]
[PlyCount "0"]
[WhiteTeam "Jezdci Jundrov"]
[BlackTeam "Sachy Hostalkova"]
[EventDate "2024.10.20"]

1. e4 c5 2. c3 Nf6 3. e5 Nd5 4. d4 cxd4 5. cxd4 e6 6. Nc3 Nxc3 7. bxc3 d6 8.
f4 Be7 9. Nf3 O-O 10. Bd3 Qc7 11. Bd2 b6 12. h4 Ba6 13. Be4 d5 14. Bxh7+ Kxh7
15. Ng5+ Kg8 16. Qc2 Bxg5 17. hxg5 g6 18. O-O-O Nc6 19. g4 Rfc8 20. Rh3 Nxd4
21. Rdh1 Kf8 22. Qxg6 Ne2+ 23. Kd1 Qc4 24. Rh8+ Ke7 25. Qf6+ Kd7 26. Qxf7+ Kc6
27. Qxe6+ Kb5 28. Qd7+ Ka5 29. Rxc8 Rxc8 30. Rh3 Rc5 31. Qd6 Nxf4 32. Re3 Ng2
33. Rg3 Qf1+ 34. Kc2 Ne1+ 35. Bxe1 Qxe1 0-1

[Event "1. liga V 24/25, Hostalkova-Jundrov"]
[Site ""]
[Date "2025.02.16"]
[Round "8.3"]
[White "Bouska, Jiri"]
[Black "Buchta, Vaclav"]
[Result "1-0"]
[WhiteFideId "23722223"]
[BlackFideId "23739118"]
[WhiteElo "2270"]
[BlackElo "2258"]
[PlyCount "0"]
[WhiteTeam "Sachy Hostalkova"]
[BlackTeam "Jezdci Jundrov"]
[EventDate "2024.10.20"]

1. e4 Nf6 2. e5 Nd5 3. d4 d6 4. Nf3 g6 5. Bc4 Nb6 6. Bb3 Bg7 7. Ng5 e6 8. f4
O-O 9. O-O c5 10. dxc5 dxc5 11. Qxd8 Rxd8 12. Be3 Bf8 13. Ne4 N6d7 14. Nbc3 b6
15. Rfd1 Nc6 16. Ba4 Ndb8 17. Nf6+ Kh8 18. Nce4 a6 19. c3 h6 20. Rxd8 Nxd8 21.
Rd1 Nbc6 22. Nd6 Be7 23. Nxf7+ Nxf7 24. Bxc6 Ra7 25. Bd7 Rc7 26. Bxc8 Rxc8 27.
Rd7 Bxf6 28. Rxf7 Bd8 29. Ra7 Rc7 30. Rxa6 Rd7 31. a4 Kg7 32. Kf2 Rd1 33. Ra7+
Kf8 34. b4 Rd3 35. bxc5 Rxc3 36. Ra8 1-0

[Event "1. liga V 24/25, Hostalkova-Jundrov"]
[Site ""]
[Date "2025.02.16"]
[Round "8.4"]
[White "Seidl, Stepan"]
[Black "Danada, Tomas"]
[Result "1/2-1/2"]
[WhiteFideId "338290"]
[BlackFideId "14919362"]
[WhiteElo "2148"]
[BlackElo "2178"]
[PlyCount "0"]
[WhiteTeam "Jezdci Jundrov"]
[BlackTeam "Sachy Hostalkova"]
[EventDate "2024.10.20"]

1. e4 c6 2. Nc3 d5 3. Nf3 Bg4 4. h3 Bxf3 5. Qxf3 e6 6. d4 Nf6 7. Bd3 Qb6 8.
O-O Qxd4 9. exd5 Nxd5 10. Nxd5 cxd5 11. c4 Nc6 12. cxd5 Qxd5 13. Be4 Qb5 14.
a4 Qb6 15. Be3 Qc7 16. Rac1 Rc8 17. Bxa7 Bd6 18. Bxc6+ bxc6 19. Bc5 O-O 20.
Rfd1 Rfd8 21. b4 Bh2+ 22. Kh1 Bf4 23. Rxd8+ Rxd8 24. Rc4 e5 25. g3 Bh6 26. a5
Qd7 27. Bb6 Qxh3+ 28. Kg1 Rd2 29. Rxc6 e4 30. Rxh6 gxh6 31. Qb3 Qh5 32. g4
Qxg4+ 33. Qg3 Qxg3+ 34. fxg3 Ra2 35. b5 Rb2 36. a6 Rxb5 37. a7 Rb1+ 38. Kf2
Ra1 39. Ke3 Ra4 40. Bd4 f5 41. Kf4 e3 42. Kxe3 Kf7 43. Kf3 Kg6 44. Bc5 h5 45.
Kg2 h4 46. gxh4 Kh5 47. Kg3 f4+ 48. Kh3 Ra2 49. Bd6 Rxa7 50. Bxf4 Ra3+ 51. Bg3
Rb3 52. Kg2 Kg4 53. Bh2 Rb2+ 54. Kh1 Kh3 55. Bg1 Kxh4 56. Bh2 Kh3 57. Bg1 Ra2
58. Be3 Ra5 59. Bg1 Kg3 60. Bh2+ Kf3 61. Bg1 Rh5+ 62. Bh2 Rh3 63. Kg1 Rh4 64.
Kh1 Rh6 65. Kg1 Rh3 66. Kh1 Kg4 67. Kg2 Rd3 68. Kh1 Kf3 69. Bg1 Rd1 70. Kh2
Rd2+ 71. Kh1 Kg4 72. Bh2 Kh3 73. Bg1 Ra2 74. Be3 Rb2 75. Bg1 Re2 76. Bc5 Rh2+
77. Kg1 Rc2 78. Be3 Rc3 79. Bf4 Rb3 80. Bc7 Rb7 81. Be5 Rb5 82. Bf4 Rb1+ 83.
Kf2 Rb2+ 84. Kg1 Rb1+ 85. Kf2 Rb4 86. Bd6 Rb7 87. Kg1 Rg7+ 88. Kf1 Rg6 89. Bc7
Rg8 90. Bd6 Rg6 91. Be5 Rg5 92. Bc7 Rc5 93. Bd6 Rc1+ 94. Kf2 Rc6 95. Be5 Rc1
96. Bd6 Rh1 97. Bc7 Rc1 98. Be5 Rc2+ 99. Kg1 Re2 100. Bd6 Rg2+ 101. Kh1 Rc2
102. Kg1 Re2 103. Kf1 Re6 104. Bc7 Kg4 105. Kg2 h6 106. Bb8 Re2+ 107. Kh1 Kh3
108. Kg1 Rg2+ 109. Kf1 Rg7 110. Bd6 Rd7 111. Bb8 Kg4 112. Kg2 Rd2+ 113. Kh1
Kf3 114. Bh2 Rd1+ 115. Bg1 Rb1 116. Kh2 Rb5 117. Kh1 Rh5+ 118. Bh2 Rh4 119.
Kg1 Rc4 120. Kh1 Kf2 121. Bg1+ Kf1 122. Bh2 Rc1 123. Bf4 Rc4 124. Bh2 Rb4 125.
Bg3 Rb1 126. Kh2 Ke2 127. Kg2 Rb4 128. Bd6 Re4 129. Bc7 Rg4+ 130. Kh1 Kf2 131.
Bb6+ Kf3 132. Bc7 Rc4 133. Bh2 Rh4 134. Kg1 Rg4+ 135. Kh1 Kf2 136. Bc7 Re4
137. Bb6+ Kf3 138. Bg1 Re1 139. Kh2 Re2+ 140. Kh1 Re5 141. Bh2 Rh5 142. Kg1
Rg5+ 143. Kh1 Kg4 144. Kg2 Rc5 145. Kh1 Ra5 146. Bg1 Kf3 147. Bh2 Rh5 1/2-1/2

[Event "1. liga V 24/25, Hostalkova-Jundrov"]
[Site ""]
[Date "2025.02.16"]
[Round "8.5"]
[White "Gnida, Patrik"]
[Black "Novosadova, Kristyna"]
[Result "0-1"]
[WhiteFideId "351660"]
[BlackFideId "328065"]
[WhiteElo "2185"]
[BlackElo "2132"]
[PlyCount "0"]
[WhiteTeam "Sachy Hostalkova"]
[BlackTeam "Jezdci Jundrov"]
[EventDate "2024.10.20"]

1. d4 Nf6 2. Nc3 d5 3. Bf4 c6 4. e3 Bf5 5. Nf3 e6 6. Ne5 Nbd7 7. g4 Be4 8. f3
Bg6 9. h4 h6 10. Nxg6 fxg6 11. Bd3 Kf7 12. h5 g5 13. Bg6+ Ke7 14. Bg3 Qa5 15.
Qd3 Nb6 16. O-O Kd7 17. e4 dxe4 18. fxe4 Be7 19. e5 Nfd5 20. Bf7 Raf8 21. Ne2
Qb5 22. Qe4 Qxb2 23. Qg6 Rxf7 24. Qxf7 Qxc2 25. Qxg7 Qxe2 26. Qxh8 Qxg4 27.
Kh2 Qxh5+ 28. Kg1 Qg4 29. Kh2 Ne3 30. Rae1 Nxf1+ 31. Rxf1 Nd5 32. Qb8 Qe2+ 33.
Rf2 Qh5+ 34. Kg1 Qd1+ 35. Kh2 Qb1 36. Rf7 Qxa2+ 37. Bf2 Qe2 38. Kg1 Qd1+ 39.
Kg2 Nf4+ 40. Rxf4 gxf4 41. Qxb7+ Ke8 42. Qxc6+ Kf7 43. Qe4 Qg4+ 44. Kh2 Qh5+
45. Kg2 Qg6+ 46. Kf3 Qxe4+ 47. Kxe4 a5 48. Kxf4 a4 49. Ke4 a3 50. d5 exd5+ 51.
Kxd5 a2 52. Bd4 h5 53. Ke4 Ke6 54.
Ba1 Bd8 55. Kf4 Bc7 0-1

[Event "1. liga V 24/25, Hostalkova-Jundrov"]
[Site ""]
[Date "2025.02.16"]
[Round "8.6"]
[White "Bednar, Jakub"]
[Black "Bohacek, Jan Andrej"]
[Result "0-1"]
[WhiteFideId "322393"]
[BlackFideId "23727357"]
[WhiteElo "2184"]
[BlackElo "2114"]
[PlyCount "0"]
[WhiteTeam "Jezdci Jundrov"]
[BlackTeam "Sachy Hostalkova"]
[EventDate "2024.10.20"]

1. e4 c6 2. d4 d5 3. e5 c5 4. dxc5 e6 5. a3 Bxc5 6. Qg4 Ne7 7. Nf3 Qb6 8. Qxg7
Rg8 9. Qxh7 Bxf2+ 10. Kd1 Nbc6 11. Nc3 Bd7 12. Bd2 O-O-O 13. Kc1 Ng6 14. Qh5
Be3 15. b3 Bxd2+ 16. Kxd2 Nf4 17. Qh6 Nxg2 18. Kc1 Qf2 19. Qf6 Ne3 20. Bd3 Ng4
21. Nd1 Qg2 22. Rg1 Nxf6 23. Rxg2 Rxg2 24. exf6 e5 25. Bb5 e4 26. Bxc6 bxc6
27. Ne5 Be8 28. Ne3 Rxh2 29. Kb2 Rh5 30. N3g4 Rd6 31. Kc3 c5 32. b4 Re6 33.
bxc5 Rexe5 34. Nxe5 Rxe5 35. Rf1 Bc6 36. Kd4 Rg5 37. c4 dxc4 38. Kxc4 Kc7 0-1